| 000 | 00577nam a2200157Ia 4500 | ||
|---|---|---|---|
| 008 | 170224s9999 xx 000 0 und d | ||
| 100 | _aJakob D. Jensen | ||
| 245 | _aEducational TV Consumption and Children’s Interest in Leisure Reading and Writing: A Test of the Validated Curriculum Hypothesis | ||
| 245 | _cJakob D. Jensen, Nicole Martins, Jeremy Weaver & Chelsea Ratcliff | ||
| 260 | _bJournal of Broadcasting & Electronic Media | ||
| 260 | _cJune | ||
| 300 | _a60:2, Pages: 213-230 | ||
| 500 | _aJune | ||
| 650 | _xCommunication Arts | ||
| 650 | _xMultimedia Arts | ||
| 999 |
_c316201 _d316201 |
||